Občas je dobré si udělat mentální očistu
V niektorých spoločnostiach má koučing už dlhú tradíciu. Firmy využívajú rôzne typy prístupov podľa potrieb zamestnancov. Ponúkajú individuálne ako aj skupinové výcviky. Pre niektoré firmy je koučovanie tradičným nástrojom rozvoja. Vzájomná chémia je dôležitá. Skúsenosti vybraných spoločností s kouč...
Saved in:
| Main Author: | |
|---|---|
| Format: | Book Chapter |
| Language: | Czech |
| Subjects: | |
| Tags: |
No Tags, Be the first to tag this record!
|
MARC
| LEADER | 00000naa a2200000 4500 | ||
|---|---|---|---|
| 001 | 0243659 | ||
| 005 | 20180528150409.1 | ||
| 041 | 0 | |a cze | |
| 044 | |a CZ | ||
| 245 | 1 | 0 | |a Občas je dobré si udělat mentální očistu |c Kristýna Pružinová |
| 520 | |a V niektorých spoločnostiach má koučing už dlhú tradíciu. Firmy využívajú rôzne typy prístupov podľa potrieb zamestnancov. Ponúkajú individuálne ako aj skupinové výcviky. Pre niektoré firmy je koučovanie tradičným nástrojom rozvoja. Vzájomná chémia je dôležitá. Skúsenosti vybraných spoločností s koučovaním. | ||
| 610 | 2 | 0 | |a koučovanie |
| 610 | 2 | 0 | |a firmy |
| 610 | 2 | 0 | |a zamestnanci |
| 610 | 2 | 0 | |a efektívnosť |
| 610 | 2 | 0 | |a spokojnosť v práci |
| 610 | 2 | 0 | |a práca |
| 100 | 1 | |a Pružinová, Kristýna | |